<?xml version="1.0" encoding="UTF-8"?>
<record
    xmlns:xsi="http://www.w3.org/2001/XMLSchema-instance"
    xsi:schemaLocation="http://www.loc.gov/MARC21/slim http://www.loc.gov/standards/marcxml/schema/MARC21slim.xsd"
    xmlns="http://www.loc.gov/MARC21/slim">

  <leader>01864nam a22002297a 4500</leader>
  <controlfield tag="001">7517</controlfield>
  <controlfield tag="003">FISKH</controlfield>
  <controlfield tag="005">20250723084810.0</controlfield>
  <controlfield tag="008">250723b        cb ||||| |||| 00| 0 eng d</controlfield>
  <datafield tag="020" ind1=" " ind2=" ">
    <subfield code="a">9780312506650</subfield>
  </datafield>
  <datafield tag="040" ind1=" " ind2=" ">
    <subfield code="a">FISKH</subfield>
    <subfield code="b">eng</subfield>
    <subfield code="c">FISKH</subfield>
    <subfield code="d">FISKH</subfield>
  </datafield>
  <datafield tag="050" ind1=" " ind2=" ">
    <subfield code="a">PZ7 </subfield>
  </datafield>
  <datafield tag="082" ind1=" " ind2=" ">
    <subfield code="a">629.04</subfield>
  </datafield>
  <datafield tag="100" ind1=" " ind2=" ">
    <subfield code="a">Priddy, Roger</subfield>
  </datafield>
  <datafield tag="245" ind1=" " ind2=" ">
    <subfield code="a">Big and busy how things go : </subfield>
    <subfield code="b">Take off on an amazing journey to discover how machines work / </subfield>
  </datafield>
  <datafield tag="260" ind1=" " ind2=" ">
    <subfield code="a">New York ; </subfield>
    <subfield code="b">Priddy Book, </subfield>
    <subfield code="c">2009. </subfield>
  </datafield>
  <datafield tag="300" ind1=" " ind2=" ">
    <subfield code="a">10 unnumbered pages : </subfield>
    <subfield code="b">color illustrations ; </subfield>
    <subfield code="c">29 cm </subfield>
  </datafield>
  <datafield tag="520" ind1=" " ind2=" ">
    <subfield code="a">Roger Priddy left school at 16 with just one qualification--in art. He went to Berkshire College of Art and Design and trained as an illustrator. His first job in children's books was working with the publisher Peter Usborne, at Usborne Publishing, and then he worked with Peter Kindersley at Dorling Kindersley, where he spent 16 years. Priddy became Creative Director of DK's Children's Division and was Managing Director of the children's mass market publisher Funfax when it was acquired by DK. In 2000, he created Priddy Books with John Sargent at St Martin's Press to create innovative and imaginative titles for children, from first books for babies through early reference titles for older children. Since then, over 30 million copies of Roger's 200 plus books have sold worldwide, with five of his books--My Big Animal,My Big Truck,Happy Baby Words,Happy Baby Colors andPuppy and Friends--each selling over one million copies. He is also the author ofBig Board First 100 Words;Big Board Books Colors,ABC,Numbers; andBright Baby Noisy Monsters. His creativity has been recognized with numerous industry awards. Priddy lives in London with his wife Zena and their four children.</subfield>
  </datafield>
  <datafield tag="650" ind1=" " ind2=" ">
    <subfield code="a">Science </subfield>
    <subfield code="v">Space</subfield>
    <subfield code="x">Transportation</subfield>
    <subfield code="y">Cars and Trucks</subfield>
  </datafield>
  <datafield tag="942" ind1=" " ind2=" ">
    <subfield code="2">ddc</subfield>
    <subfield code="c">BK</subfield>
    <subfield code="n">0</subfield>
  </datafield>
  <datafield tag="999" ind1=" " ind2=" ">
    <subfield code="c">7517</subfield>
    <subfield code="d">7517</subfield>
  </datafield>
  <datafield tag="952" ind1=" " ind2=" ">
    <subfield code="0">0</subfield>
    <subfield code="1">0</subfield>
    <subfield code="2">ddc</subfield>
    <subfield code="4">0</subfield>
    <subfield code="7">0</subfield>
    <subfield code="8">NFIC</subfield>
    <subfield code="a">001</subfield>
    <subfield code="b">001</subfield>
    <subfield code="c">ATKSNF</subfield>
    <subfield code="d">2025-07-23</subfield>
    <subfield code="l">0</subfield>
    <subfield code="o">PRI 629.04 PZ7 </subfield>
    <subfield code="p">2025-2778</subfield>
    <subfield code="r">2025-07-23 08:48:07</subfield>
    <subfield code="t">1</subfield>
    <subfield code="w">2025-07-23</subfield>
    <subfield code="y">BK</subfield>
  </datafield>
  <datafield tag="952" ind1=" " ind2=" ">
    <subfield code="0">0</subfield>
    <subfield code="1">0</subfield>
    <subfield code="2">ddc</subfield>
    <subfield code="4">0</subfield>
    <subfield code="7">0</subfield>
    <subfield code="8">NFIC</subfield>
    <subfield code="a">001</subfield>
    <subfield code="b">001</subfield>
    <subfield code="c">ATKSNF</subfield>
    <subfield code="d">2025-08-27</subfield>
    <subfield code="l">0</subfield>
    <subfield code="o">PRI 629.04 PZ7 </subfield>
    <subfield code="p">2025-4260</subfield>
    <subfield code="r">2025-08-27 08:27:59</subfield>
    <subfield code="t">2</subfield>
    <subfield code="w">2025-08-27</subfield>
    <subfield code="y">BK</subfield>
  </datafield>
</record>
